Teoretické aspekty v problematike riadenia kreditného rizika

Štrukturálny prístup k meraniu kreditného rizika. Stochastické procesy všeobecne a vo finančnom modelovaní. Pravdepodobnosť zlyhania dlžníka, vzdialenosť do zlyhania, Mertonov model.

Salvato in:
Dettagli Bibliografici
Autore principale: Kaderová, Andrea
Natura: Capitolo di libro
Lingua:slovacco
Soggetti:
Tags: Aggiungi Tag
Nessun Tag, puoi essere il primo ad aggiungerne!!

MARC

LEADER 00000nla a2200000 4500
001 0239093
005 20240502073854.3
041 0 |a slo 
044 |a SK 
245 1 0 |a Teoretické aspekty v problematike riadenia kreditného rizika  |c Andrea Kaderová 
520 |a Štrukturálny prístup k meraniu kreditného rizika. Stochastické procesy všeobecne a vo finančnom modelovaní. Pravdepodobnosť zlyhania dlžníka, vzdialenosť do zlyhania, Mertonov model. 
610 2 0 |a trh finančný 
610 2 0 |a financie podnikové 
610 2 0 |a riadenie rizík 
610 2 0 |a riziko 
610 2 0 |a riziko úverové 
610 2 0 |a modelovanie finančné 
610 2 0 |a modely stochastické 
610 2 0 |a opcie 
610 2 0 |a volatilita 
610 2 0 |a akcie 
100 1 |a Kaderová, Andrea